| 000 | 00412 a2200157 4500 | ||
|---|---|---|---|
| 999 |
_c876 _d876 |
||
| 020 | _a1870026403 | ||
| 050 | _aRC607.A26 MIL 1988 | ||
| 100 | _aMiller, Riva | ||
| 245 |
_aAIDS: _bA Guide to Clinical Counselling |
||
| 264 |
_aLondon _bScience Press _c1988 |
||
| 300 | _a119p. | ||
| 500 | _aIncludes Index | ||
| 650 |
_aAIDS _xCounselling |
||
| 700 | _aBor, Robert | ||
| 942 |
_2olc _cBK _h607.A26 _iMIL _k1988 |
||